MARC

LEADER 00000nam0a2200000 4500
001 327991
005 20231102004021.0
035 |a (RuTPU)RU\TPU\book\353680 
090 |a 327991 
100 |a 20170209d1974 km y0rusy50 ca 
101 0 |a rus 
102 |a RU 
105 |a a g 001zy 
200 1 |a Радиоприемники на транзисторах  |e справочник  |f И. Т. Крупинин, А. И. Белкин 
210 |a Москва  |c Энергия  |d 1974 
215 |a 128 с.  |c ил. 
320 |a Библиогр.: с. 128 
606 1 |a Радиоприемники полупроводниковые  |2 stltpush  |3 (RuTPU)RU\TPU\subj\22995  |9 47665 
610 1 |a транзисторы 
610 1 |a технические характеристики 
610 1 |a схемы 
610 1 |a справочники 
610 1 |a малогабаритные радиоприемники 
610 1 |a автомобильные радиоприемники 
610 1 |a радиолы 
610 1 |a электропроигрывающие устройства 
675 |a 621.396.62(035)  |v 4 
700 1 |a Крупинин  |b И. Т.  |g Иван Тимофеевич 
701 1 |a Белкин  |b А. И.  |g Александр Иванович 
801 1 |a RU  |b 63413507  |c 20170209 
801 2 |a RU  |b 63413507  |c 20170213  |g RCR 
942 |c BK